| 000 | 00617nam a22001217a 4500 | ||
|---|---|---|---|
| 040 | _cRUA | ||
| 082 | _aDVM HEA 2025 B707 Or.1 | ||
| 100 | _aHEANG BUNHENG, ហ៊ាង ប៊ុនហេង | ||
| 245 | _aAntibody titer of canine rabies in angkor reach commune, preah sdach district,prey veng province. កម្រិតអង់ទីករនៃជំងឺឆ្កែឆ្គួតលើសុនខ នៅឃុំអង្គររាជ្យ ស្រុកព្រះស្ដេច ខេត្តព្រៃវែង | ||
| 260 |
_aPHNOM PENH _bRUA _c2025 |
||
| 300 |
_ax,67p. _bill. _c29cm. |
||
| 942 | _cNRM | ||
| 999 |
_c25699 _d25699 |
||